[Event "SWE Cup"]
[Site "Linkoping"]
[Date "2016.09.10"]
[Round "3.2"]
[White "Andersson, Fredrik1"]
[Black "Martinsson, Tommy"]
[Result "1-0"]
[WhiteElo "2279"]
[BlackElo "1970"]
[PlyCount "41"]
[EventDate "2016.09.09"]
[EventType "team-k.o."]
[EventRounds "7"]
[EventCountry "SWE"]
[SourceTitle "CBM 174 Extra"]
[Source "ChessBase"]
[SourceDate "2016.10.10"]
[SourceVersion "1"]
[SourceVersionDate "2016.10.10"]
[SourceQuality "1"]
[WhiteTeam "Kungstornet"]
[BlackTeam "Kalltorps"]
[WhiteTeamCountry "SWE"]
[BlackTeamCountry "SWE"]

1. e4 d5 2. exd5 Nf6 3. d4 Nxd5 4. Nf3 Bf5 5. Be2 e6 6. 0-0 Bd6 7. Bg5 Be7 8. Bxe7 Qxe7 9. Nbd2 0-0 10. c3 Nd7 11. Re1 Rfe8 12. Bf1 c6 13. Qb3 b6 14. g3 h6 15. Bg2 Rac8 16. a4 Qd6 17. Nc4 Qc7 18. Nfe5 Nxe5 19. dxe5 Re7 20. Nd6 Rd8 21. c4 1-0